000 00653nam a22002297a 4500
008 131127b xxu||||| |||| 00| 0 eng d
020 _a0-408-46900-5
024 _cAvailable
037 _cAvailable
040 _aMBSTU LIBRARY
_dMBSTU LIBRARY
082 _222
_a574.5 TAE
100 _aTait, R.V.
245 _aElements of marine ecology: an introduction course.
260 _aLondon.
_bButterworths.
_c1968
300 _a26 cm.
_b199 page
_f1
_g26 cm.
600 _2Ecology.
650 _2Ecology.
700 _aTait, R.V.
270 _aLondon
_bLondon.
_dUK.
942 _2ddc
_cBK
999 _c893
_d893